The Handbook of Dispute Resolution /

Đã lưu trong:
Chi tiết về thư mục
Tác giả chính: Moffitt, Michael L. (ed.)
Tác giả khác: Bordone, Robert C. (edición) (edición)
Định dạng: Sách
Ngôn ngữ:Tiếng Anh
Được phát hành: San Francisco, EUA : Jossey-Bass, 2005, c2005
Những chủ đề:
Các nhãn: Thêm thẻ
Không có thẻ, Là người đầu tiên thẻ bản ghi này!

MARC

LEADER 00000nam^a2200000^a^4500
001 000350402
005 20250521000000.0
009 20260310114939.707
020 |a 978-0-7879-7538-8 
037 |a Acervo ITESO - Biblioteca 
041 |a ING 
082 |a 347. 7309  |b MOF 
100 |a Moffitt, Michael L.  |e (ed.) 
245 1 4 |a The Handbook of Dispute Resolution /  |c Ed. de M.L. Moffitt, R.C. Bordone. 
264 4 |a San Francisco, EUA :  |b Jossey-Bass,  |c 2005, c2005 
300 |a IX, 546 p. 
336 |a texto  |b txt  |2 rdacontenido 
337 |a sin mediación  |b n  |2 rdamedio 
338 |a volumen  |b nc  |2 rdasoporte 
649 |a XX 
650 |a Conflicto Social -  |z EUA -  |x Aspectos Jurídicos 
650 |a Negociación y Mediación -  |z EUA -  |x Aspectos Jurídicos -  |x Tema Principal 
650 |a Solución de Problemas -  |z EUA -  |x Aspectos Jurídicos 
650 |a Justicia -  |z EUA -  |x Administración 
650 |a Derecho Procesal -  |z EUA 
650 |a Derecho Privado -  |z EUA 
650 |a Derecho Público -  |z EUA 
700 |a Bordone, Robert C.  |e (edición) 
910 |a Fondo General 
920 |a Impresos - Libros 
930 |a Colección General 
905 |a 101 
901 |a 0500240659  |b IT1  |c ACC  |i C145173  |u 20250521 
902 |a https://opac.biblio.iteso.mx/vufind/Record/000350402